[Event "IECC Swiss email"]
[Site "IECC email"]
[Date "2001.02.17"]
[Round "?"]
[White "Akbars, Deniz"]
[Black "Drzazga, Miroslaw"]
[Result "1/2-1/2"]
[WhiteElo "1845"]
[BlackElo "1298"]
[PlyCount "68"]
[EventDate "2001.??.??"]
[EventType "tourn (corr)"]
[EventRounds "6"]
[SourceTitle "Corr 2008"]
[Source "ChessBase"]
[SourceDate "2008.06.24"]
[SourceVersion "1"]
[SourceVersionDate "2008.06.24"]
[SourceQuality "1"]

1. e4 c5 2. Nf3 d6 3. d4 cxd4 4. Nxd4 Nf6 5. Nc3 a6 6. Be3 e6 7. f3 b5 8. Qd2 Nbd7 9. Bd3 Bb7 10. g4 Ne5 11. g5 Nfd7 12. a3 Be7 13. f4 Nxd3+ 14. cxd3 Rc8 15. 0-0 g6 16. Qg2 h6 17. Qh3 e5 18. fxe5 Nxe5 19. gxh6 Bg5 20. Rae1 Rxh6 21. Qg2 Bxe3+ 22. Rxe3 Qb6 23. Nce2 Rc7 24. Rf6 b4 25. a4 Rc1+ 26. Rf1 Rxf1+ 27. Kxf1 Qd8 28. Rh3 Rxh3 29. Qxh3 Qf6+ 30. Kg1 Qg5+ 31. Kf1 Nd7 32. b3 Nc5 33. Qh8+ Ke7 34. Qb8 Qf6+ 1/2-1/2